[Event "World Senior 50+ 2014"]
[Site "Katerini GRE"]
[Date "2014.11.03"]
[Round "10.1"]
[White "Sveshnikov, Evgeny"]
[Black "Arkell, Keith C"]
[Result "0-1"]
[WhiteTitle "GM"]
[BlackTitle "GM"]
[WhiteElo "2517"]
[BlackElo "2450"]
[WhiteFideId "4100638"]
[BlackFideId "400270"]
[EventDate "2014.10.24"]

1. e4 c6 2. d4 d5 3. Nc3 dxe4 4. Nxe4 Nd7 5. Ng5 Ngf6 6. Bd3 Nb6 7. N1f3 Bg4 8.
h3 Bxf3 9. Nxf3 e6 10. O-O Be7 11. c4 O-O 12. Bf4 c5 13. dxc5 Bxc5 14. Qc2 Nbd7
15. Rfd1 Qe7 16. a3 a5 17. Re1 Rfd8 18. Rad1 Nf8 19. Bg5 Ng6 20. g3 Qc7 21. Kg2
Be7 22. Bd2 a4 23. Bc3 Qc6 24. Qe2 Nd7 25. Be4 Qb6 26. h4 Bf6 27. h5 Ngf8 28.
Bb4 Nc5 29. Qe3 Nfd7 30. h6 Nxe4 31. Qxe4 Qc6 32. Qf4 g5 33. Qg4 Nf8 34. Kg1 Ng6
35. Nxg5 Bxb2 36. Qe2 Bf6 37. Ne4 Bh8 38. f4 Rd4 39. Rxd4 Bxd4+ 40. Kh2 f5 41.
Nd6 e5 42. Nxf5 Rd8 43. Qg4 Bc5 44. Bxc5 Qxc5 45. Ne3 Rd2+ 46. Kh3 Qf8 47. Qe6+
Kh8 48. Ng4 Rd6 49. Qxd6 Qxd6 50. f5 Nf8 51. Rxe5 Kg8 52. f6 Ng6 53. Rd5 Qe6 54.
Rd8+ Kf7 55. Rd5 b6 56. Rb5 Qxc4 57. Rxb6 Qf1+ 58. Kh2 Qe2+ 59. Kh3 Qf3 60. Rb1
Nf4+ 61. Kh4 Ng6+ 62. Kh3 Qe4 63. Rc1 Qd5 64. Rc7+ Ke6 65. Nf2 Nf4+ 66. Kg4 Qf5+ 0-1

[Event "World Senior 50+ 2014"]
[Site "Katerini GRE"]
[Date "2014.11.03"]
[Round "10.2"]
[White "Hebden, Mark L"]
[Black "Sturua, Zurab"]
[Result "0-1"]
[WhiteTitle "GM"]
[BlackTitle "GM"]
[WhiteElo "2540"]
[BlackElo "2523"]
[WhiteFideId "400084"]
[BlackFideId "13600095"]
[EventDate "2014.10.24"]

1. d4 Nf6 2. Bg5 d5 3. e3 e6 4. Nd2 h6 5. Bh4 Be7 6. Bd3 b6 7. Ngf3 Nbd7 8. c3
Bb7 9. Qb1 c5 10. O-O O-O 11. b4 c4 12. Bc2 a5 13. bxa5 Rxa5 14. a4 Bc6 15. Re1
Re8 16. Bxf6 Bxf6 17. e4 Qa8 18. exd5 exd5 19. Rxe8+ Qxe8 20. Bf5 Bxa4 21. Qb4
Qa8 22. Re1 Qd8 23. Nf1 g6 24. Bh3 Bg7 25. Bxd7 Bxd7 26. Qd6 Bf8 27. Qf4 Be6 28.
h4 b5 29. Ne5 Ra6 30. Re3 Bg7 31. Rf3 Ra1 32. g3 g5 33. hxg5 Qxg5 34. Kg2 Qxf4
35. gxf4 Bf5 36. Ng3 Bc2 37. Nc6 Bf8 38. Re3 Ra8 39. Re5 Ra6 40. Nd8 Rd6 41. Re8
b4 42. Nb7 Re6 43. Rxe6 fxe6 44. cxb4 Bxb4 45. Kf3 Bd2 0-1

[Event "World Senior 50+ 2014"]
[Site "Katerini GRE"]
[Date "2014.11.03"]
[Round "10.3"]
[White "Nunn, John D M"]
[Black "Bischoff, Klaus"]
[Result "1/2-1/2"]
[WhiteTitle "GM"]
[BlackTitle "GM"]
[WhiteElo "2602"]
[BlackElo "2504"]
[WhiteFideId "400017"]
[BlackFideId "4600045"]
[EventDate "2014.10.24"]

1. e4 c5 2. Nf3 e6 3. d4 cxd4 4. Nxd4 Nc6 5. Nc3 d6 6. Be3 a6 7. Bc4 Bd7 8. Qe2
b5 9. Bb3 Nge7 10. O-O-O Na5 11. Kb1 Nxb3 12. axb3 Qc7 13. Rd2 Qb7 14. Bg5 b4
15. Na4 h6 16. Bh4 e5 17. Bxe7 Bxe7 18. Nf5 Bxf5 19. exf5 Qxg2 1/2-1/2

[Event "World Senior 50+ 2014"]
[Site "Katerini GRE"]
[Date "2014.11.03"]
[Round "10.4"]
[White "Barle, Janez"]
[Black "Stepovoj, Vladimir"]
[Result "1/2-1/2"]
[WhiteTitle "IM"]
[BlackTitle "IM"]
[WhiteElo "2338"]
[BlackElo "2323"]
[WhiteFideId "14600021"]
[BlackFideId "4120159"]
[EventDate "2014.10.24"]

1. e4 e6 2. Nf3 d5 3. Nc3 Nf6 4. e5 Nfd7 5. d4 c5 6. dxc5 Bxc5 7. Bd3 Nc6 8. Bf4
a6 9. Qe2 Nf8 10. h4 Ng6 11. Bg3 Nge7 12. h5 h6 13. O-O-O Qa5 14. Nd2 Nb4 15. a3
Nxd3+ 16. Qxd3 Qc7 17. Nb3 Ba7 18. Nd4 Bd7 19. Nce2 Nc6 20. f4 O-O-O 21. Nxc6
Qxc6 22. Nd4 Qc4 23. Qe3 Ba4 24. Qc3 Qxc3 25. bxc3 1/2-1/2

[Event "World Senior 50+ 2014"]
[Site "Katerini GRE"]
[Date "2014.11.03"]
[Round "10.5"]
[White "Nikolaidis, Konstantinos"]
[Black "Movsziszian, Karen"]
[Result "0-1"]
[WhiteTitle "FM"]
[BlackTitle "GM"]
[WhiteElo "2178"]
[BlackElo "2487"]
[WhiteFideId "4200578"]
[BlackFideId "13301152"]
[EventDate "2014.10.24"]

1. e4 g6 2. d4 Bg7 3. Nc3 d6 4. Be3 c6 5. a4 Nd7 6. Nf3 e5 7. dxe5 dxe5 8. Be2
Ngf6 9. h3 Qe7 10. Nd2 Nc5 11. O-O O-O 12. b4 Ne6 13. Rb1 Rd8 14. Re1 Nd4 15.
Bf1 Nh5 16. Ne2 Ne6 17. Qc1 h6 18. Rd1 Kh7 19. Nc4 b6 20. Rxd8 Qxd8 21. Qd2 Ba6
22. b5 Bb7 23. f3 Qe7 24. Qd6 Qe8 25. Qb4 c5 26. Qa3 Qe7 27. a5 Nd4 28. Qa4 f5
29. a6 Bc8 30. c3 Nxe2+ 31. Bxe2 Nf4 32. Bf1 fxe4 33. fxe4 h5 34. Qc2 Be6 35.
Rd1 Rf8 36. Qd2 Qg5 37. Kh2 h4 38. Nb2 Bh6 39. Kh1 Qf6 40. Bc4 Bc8 41. Rf1 g5
42. Nd3 g4 43. hxg4 Bxg4 44. Rf2 Rd8 45. Bd5 Rf8 46. Nxc5 bxc5 47. Bxc5 Rb8 48.
c4 Qg7 49. Be3 Bh5 50. Rxf4 exf4 51. Bxf4 Rf8 0-1

[Event "World Senior 50+ 2014"]
[Site "Katerini GRE"]
[Date "2014.11.03"]
[Round "10.7"]
[White "Kristiansen, Jens"]
[Black "Yasin, Hur"]
[Result "0-1"]
[WhiteTitle "GM"]
[WhiteElo "2405"]
[BlackElo "2138"]
[WhiteFideId "1400061"]
[BlackFideId "6300170"]
[EventDate "2014.10.24"]

1. d4 Nf6 2. c4 e6 3. Nc3 Bb4 4. e3 O-O 5. Bd3 c5 6. Nf3 b6 7. d5 b5 8. dxe6
fxe6 9. cxb5 d5 10. O-O Nbd7 11. Ng5 Ne5 12. Nxh7 Nxd3 13. Nxf6+ Qxf6 14. Qxd3
Bb7 15. Bd2 Rad8 16. f4 Ba5 17. Na4 c4 18. Qc2 Bc7 19. Nc5 Ba8 20. Bc3 d4 21.
exd4 Bxf4 22. Qe2 e5 23. Rxf4 exf4 24. Qe6+ Rf7 25. Qxf6 Rxf6 26. Re1 Rg6 27.
Re7 Bxg2 28. Kf2 Bd5 29. Rxa7 f3 30. Nd7 Rg2+ 31. Kf1 f2 32. Bb4 Be4 33. Nc5
Rxd4 34. Nxe4 Rd1+ 35. Kxg2 f1=Q+ 36. Kg3 Qg1+ 0-1

[Event "World Senior 50+ 2014"]
[Site "Katerini GRE"]
[Date "2014.11.03"]
[Round "10.8"]
[White "Kalegin, Evgenij"]
[Black "Bouaziz, Slim"]
[Result "1-0"]
[WhiteTitle "IM"]
[BlackTitle "GM"]
[WhiteElo "2474"]
[BlackElo "2321"]
[WhiteFideId "4103416"]
[BlackFideId "5500010"]
[EventDate "2014.10.24"]

1. e4 e6 2. d4 d5 3. Nc3 Nf6 4. e5 Nfd7 5. f4 c5 6. Nf3 Nc6 7. Be3 Qb6 8. Na4
Qa5+ 9. c3 b6 10. Bd2 c4 11. b4 Nxb4 12. cxb4 Bxb4 13. Rc1 Bxd2+ 14. Nxd2 b5 15.
Nc3 O-O 16. a3 a6 17. Ndb1 Qb6 18. Be2 Bb7 19. O-O Bc6 20. Qd2 a5 21. Qe3 b4 22.
Nd1 c3 23. Nf2 Rae8 24. Ng4 f6 25. exf6 gxf6 26. Bd3 Bb5 27. Bxh7+ Kxh7 28. Qh3+
Kg8 29. Rf3 Qxd4+ 30. Kh1 Qe4 31. Nh6+ Kg7 32. Rg3+ Qg6 33. f5 Qxg3 34. Qxg3+
Kh8 35. axb4 axb4 36. Qh4 Kg7 37. fxe6 Rxe6 38. Nf5+ Kg6 39. Qg4+ Kf7 40. Qh5+ 1-0

[Event "World Senior 50+ 2014"]
[Site "Katerini GRE"]
[Date "2014.11.03"]
[Round "10.9"]
[White "Frick, Christoph"]
[Black "Habibi, Ali"]
[Result "1/2-1/2"]
[BlackTitle "IM"]
[WhiteElo "2241"]
[BlackElo "2247"]
[WhiteFideId "4607090"]
[BlackFideId "4604393"]
[EventDate "2014.10.24"]

1. e4 c5 2. Nc3 g6 3. g3 Bg7 4. Bg2 Nc6 5. d3 e5 6. f4 d6 7. Nh3 Nge7 8. O-O O-O
9. f5 f6 10. g4 Nd4 11. Ne2 Nxe2+ 12. Qxe2 Nc6 13. c3 g5 14. Be3 h6 15. Nf2 Bd7
16. Rfd1 Qe7 17. Rd2 Rfd8 18. Nd1 Be8 19. Bf2 Qc7 20. Ne3 Ne7 21. Rc1 Bf7 22.
Nd5 Nxd5 23. exd5 a5 1/2-1/2

[Event "World Senior 50+ 2014"]
[Site "Katerini GRE"]
[Date "2014.11.03"]
[Round "10.10"]
[White "Heinig, Wolfram"]
[Black "Chapman, Terry P D"]
[Result "1/2-1/2"]
[WhiteTitle "FM"]
[BlackTitle "FM"]
[WhiteElo "2296"]
[BlackElo "2304"]
[WhiteFideId "4611926"]
[BlackFideId "413399"]
[EventDate "2014.10.24"]

1. Nf3 Nf6 2. c4 c5 3. g3 g6 4. Bg2 Bg7 5. O-O O-O 6. d4 cxd4 7. Nxd4 Nc6 8. Nc3
Nxd4 9. Qxd4 d6 10. Qd3 a6 11. Bg5 h6 12. Bd2 Rb8 13. Rac1 Bf5 14. e4 Bd7 15.
Rfd1 b5 16. b3 b4 17. Nd5 Nxd5 18. Qxd5 Bg4 19. Re1 Be6 20. Qd3 Qa5 21. a4 Rfd8
22. h3 Kh7 23. Kh2 Qc5 24. Be3 Qc7 25. Rc2 Bc3 26. Rd1 f6 27. h4 Kg7 28. Bh3 Qd7
29. Bxe6 Qxe6 30. Kg2 Rf8 31. Qd5 Qxd5 32. exd5 Rbc8 33. Re2 Rfe8 34. Bc1 Rc7
35. Rd3 g5 36. g4 Be5 37. Rh3 e6 38. Rd3 Rce7 39. hxg5 hxg5 40. dxe6 Rxe6 41.
Bd2 Rh8 42. Bxb4 Rh2+ 43. Kg1 Rh4 44. Ree3 Rxg4+ 45. Kf1 Rh4 46. Rd5 g4 47. Ra5
Rh1+ 48. Kg2 Rh2+ 49. Kf1 Rh1+ 50. Ke2 Rh2 51. Kf1 Rh1+ 1/2-1/2

[Event "World Senior 50+ 2014"]
[Site "Katerini GRE"]
[Date "2014.11.03"]
[Round "10.11"]
[White "Shevelev, Arkady"]
[Black "Gamback, Bjorn"]
[Result "1/2-1/2"]
[WhiteTitle "IM"]
[WhiteElo "2295"]
[BlackElo "2109"]
[WhiteFideId "2802163"]
[BlackFideId "1703161"]
[EventDate "2014.10.24"]

1. e4 c5 2. Nf3 d6 3. d4 cxd4 4. Nxd4 Nf6 5. Nc3 g6 6. g3 Nc6 7. Bg2 Nxd4 8.
Qxd4 Bg7 9. O-O O-O 10. Qd3 Rb8 11. Re1 b6 12. h3 Bb7 13. Nd5 Nd7 14. c3 h6 15.
Be3 Re8 16. Rad1 a6 17. Qc2 b5 18. Re2 a5 19. a4 Bc6 20. axb5 Bxb5 21. Ree1 Bc4 1/2-1/2

[Event "World Senior 50+ 2014"]
[Site "Katerini GRE"]
[Date "2014.11.03"]
[Round "10.12"]
[White "Malinin, Vasily B."]
[Black "Bluvshtein, Ilia"]
[Result "1-0"]
[WhiteTitle "GM"]
[WhiteElo "2280"]
[BlackElo "2088"]
[WhiteFideId "4140249"]
[BlackFideId "2605317"]
[EventDate "2014.10.24"]

1. d4 Nf6 2. c4 g6 3. Nc3 d5 4. cxd5 Nxd5 5. e4 Nxc3 6. bxc3 Bg7 7. Bc4 c5 8.
Ne2 Nc6 9. Be3 O-O 10. h4 cxd4 11. cxd4 e5 12. d5 Na5 13. Bd3 h6 14. Qd2 Kh7 15.
Rc1 Bd7 16. h5 g5 17. Ng3 a6 18. Bc5 Re8 19. Qe3 Bb5 20. O-O Bxd3 21. Bb6 Qf6
22. Bxa5 Bxf1 23. Kxf1 Rac8 24. Bc7 Re7 25. d6 Rd7 26. Nf5 Bf8 27. Rc5 Rdxc7 28.
Rxc7 Rxc7 29. dxc7 Qc6 30. g3 Qxc7 31. Kg2 b5 32. Kh3 a5 33. Qd3 Qc4 34. Qd7 b4
35. Qe8 Bc5 36. Qxe5 Bf8 37. Qe8 Bc5 38. Qc6 Qf1+ 39. Kg4 Bf8 40. Qe8 1-0

[Event "World Senior 50+ 2014"]
[Site "Katerini GRE"]
[Date "2014.11.03"]
[Round "10.13"]
[White "Alexakis, Dimitrios"]
[Black "Kempen, Leon"]
[Result "1/2-1/2"]
[BlackTitle "CM"]
[WhiteElo "2224"]
[BlackElo "1949"]
[WhiteFideId "4200527"]
[BlackFideId "3203786"]
[EventDate "2014.10.24"]

1. e4 e6 2. Nf3 d5 3. Nc3 Nf6 4. e5 Nfd7 5. d4 c5 6. dxc5 Nc6 7. Bf4 a6 8. a3
Bxc5 9. Bd3 Be7 10. h4 d4 11. Ne4 Ndxe5 12. Nxe5 Nxe5 13. Bxe5 Qa5+ 14. Qd2 Qxe5
15. O-O-O Qd5 16. c4 dxc3 17. Nxc3 Qa5 18. Kb1 O-O 19. Be4 Bf6 20. Nd5 Qd8 21.
Nxf6+ Qxf6 22. g4 e5 23. g5 Qb6 24. Qd6 Qxd6 25. Rxd6 Rb8 26. Rb6 Rd8 27. Re1
Kf8 28. Rc1 Ke7 29. Rc5 Be6 30. Rc7+ Rd7 31. Rbxb7 Rxb7 32. Rxb7 Rxb7 33. Bxb7
a5 34. Kc2 f5 35. b4 axb4 36. axb4 Kd6 37. Kc3 h6 38. gxh6 gxh6 1/2-1/2

[Event "World Senior 50+ 2014"]
[Site "Katerini GRE"]
[Date "2014.11.03"]
[Round "10.14"]
[White "Lim, Kian Hwa"]
[Black "Findlay, David John"]
[Result "0-1"]
[WhiteElo "1787"]
[BlackElo "2162"]
[WhiteFideId "5700744"]
[BlackFideId "2400278"]
[EventDate "2014.10.24"]

1. e4 e5 2. Nf3 d6 3. Bc4 Nc6 4. d3 g6 5. c3 Bg7 6. O-O Nf6 7. Re1 O-O 8. Nbd2
Na5 9. d4 Nxc4 10. Nxc4 exd4 11. cxd4 Nxe4 12. Rxe4 d5 13. Re1 dxc4 14. Qe2 Bg4
15. Qxc4 Bxf3 16. gxf3 Bxd4 17. Bh6 b5 18. Qb4 c5 19. Qd2 Bg7 20. Qxd8 Rfxd8 21.
Bxg7 Kxg7 22. Re5 Rac8 23. Rc1 Rd2 24. b4 Rxa2 25. bxc5 b4 26. Re3 a5 27. Rb3
Ra3 28. Rxa3 bxa3 29. Ra1 Rxc5 30. Rxa3 Kf6 31. Kg2 Ke6 32. Kg3 Kd6 33. Ra4 Kc6
34. Rf4 Rf5 35. Rh4 h5 36. Re4 Kb5 37. f4 a4 38. Kf3 Rc5 39. Re7 Kb4 40. Rxf7 a3
41. Rb7+ Rb5 42. Ra7 Kb3 43. Ra6 a2 0-1

[Event "World Senior 50+ 2014"]
[Site "Katerini GRE"]
[Date "2014.11.03"]
[Round "10.15"]
[White "Osmolny, Vladimir I."]
[Black "Giulian, Philip M"]
[Result "1/2-1/2"]
[WhiteTitle "FM"]
[BlackTitle "FM"]
[WhiteElo "2154"]
[BlackElo "2177"]
[WhiteFideId "24137049"]
[BlackFideId "2400197"]
[EventDate "2014.10.24"]

1. d4 e6 2. Nf3 f5 3. Nc3 Nf6 4. Bg5 Bb4 5. e3 h6 6. Bh4 b6 7. Ne5 g5 8. Bg3 Bb7
9. f3 d6 10. Nd3 Bxc3+ 11. bxc3 Qe7 12. Be2 Nbd7 13. O-O O-O 14. c4 c5 15. dxc5
bxc5 16. Rb1 Bc6 17. Qd2 Nb6 18. Nc1 e5 19. Bf2 Bd7 20. Rd1 Nc8 21. Qa5 Nb6 22.
Qd2 Nc8 23. a3 Be6 24. Na2 Rd8 25. h4 Nb6 26. hxg5 hxg5 27. Qc3 Rd7 28. Kf1 Qf7
29. Nc1 Nxc4 30. Ke1 Nb6 31. Qa5 Rf8 32. Bb5 Rdd8 33. Ne2 Qc7 34. a4 1/2-1/2

[Event "World Senior 50+ 2014"]
[Site "Katerini GRE"]
[Date "2014.11.03"]
[Round "10.16"]
[White "Sideris, Nikiforos"]
[Black "Zybura, Andre"]
[Result "0-1"]
[WhiteElo "2017"]
[BlackElo "1975"]
[WhiteFideId "4204271"]
[BlackFideId "2606208"]
[EventDate "2014.10.24"]

1. b3 g6 2. Bb2 Nf6 3. e4 d6 4. g3 Bg7 5. Bg2 O-O 6. d4 Nbd7 7. Ne2 e5 8. d5 Nc5
9. Nd2 a5 10. c4 Nd3+ 11. Kf1 Nxb2 12. Qc2 Nxc4 13. Nxc4 Ne8 14. Kg1 f5 15. f3
fxe4 16. fxe4 Qg5 17. a4 Bh6 18. h3 b6 19. Kh2 Nf6 20. Rhf1 Qh5 21. Qd3 Bd7 22.
Ng1 Ng4+ 0-1

[Event "World Senior 50+ 2014"]
[Site "Katerini GRE"]
[Date "2014.11.03"]
[Round "10.18"]
[White "Vardakas, Stefanos"]
[Black "Ismail, Ahmad"]
[Result "0-1"]
[WhiteElo "1954"]
[BlackElo "2075"]
[WhiteFideId "4205294"]
[BlackFideId "5700655"]
[EventDate "2014.10.24"]

1. e4 d5 2. exd5 Nf6 3. Nf3 Qxd5 4. d4 Bg4 5. Be2 Nc6 6. c4 Qh5 7. O-O O-O-O 8.
h3 e5 9. d5 Bxf3 10. Bxf3 Qg6 11. Be3 Kb8 12. Qa4 Nd4 13. Bxd4 exd4 14. Nd2 Bd6
15. b4 Qg5 16. Qd1 Be5 17. Rb1 h5 18. Be2 Qf4 19. g3 Qf5 20. Kg2 d3 21. Bf3 g5
22. Qe1 g4 23. hxg4 hxg4 24. Be4 Rh2+ 25. Kxh2 Qh5+ 26. Kg2 Qh3+ 27. Kg1 Rh8 0-1

[Event "World Senior 50+ 2014"]
[Site "Katerini GRE"]
[Date "2014.11.03"]
[Round "10.19"]
[White "Karatas, Kursat"]
[Black "Patola, Eero"]
[Result "1-0"]
[WhiteElo "1741"]
[BlackElo "1857"]
[WhiteFideId "6336841"]
[BlackFideId "504092"]
[EventDate "2014.10.24"]

1. e4 d5 2. exd5 Nf6 3. Nf3 Nxd5 4. Bb5+ c6 5. Be2 Bf5 6. d4 e6 7. a3 Bd6 8. O-O
Nd7 9. c4 Nf4 10. Nc3 Nf6 11. Bxf4 Bxf4 12. g3 Bc7 13. Qb3 Qb8 14. Rfe1 O-O 15.
Bf1 Re8 16. Bg2 Ng4 17. Nh4 Bg6 18. Nxg6 hxg6 19. Rad1 Rd8 20. Ne4 Bb6 21. c5
Bc7 22. Ng5 Nh6 23. Rxe6 Qc8 24. Bh3 Rd5 25. Rxc6 Qd8 26. Nxf7 Nxf7 27. Rxc7 Ng5
28. Bg4 Kh7 29. Qxb7 Rb8 30. Rxg7+ Kh6 31. Qe7 Rxd4 32. Rxd4 Qxd4 33. h4 Qxg7
34. Qxg5+ Kh7 35. b4 a5 36. c6 axb4 37. axb4 Rxb4 38. Bh3 Rc4 39. Qd5 Rc1+ 40.
Kg2 Rc2 41. Qd7 Qxd7 42. Bxd7 Kg7 43. Kf3 Kf6 44. g4 Ke7 45. Kg3 Rc5 46. g5 Ra5
47. f4 Ra3+ 48. Kg4 Ra4 49. h5 gxh5+ 50. Kxh5 Rxf4 51. g6 Rc4 52. g7 Rc5+ 53.
Kh6 Kf7 54. Be6+ Kxe6 55. g8=Q+ Kd6 56. Qe8 Rxc6 57. Kg5 Rc5+ 58. Kf6 Kd5 59.
Qe6+ Kd4 60. Qb6 Kd5 61. Kf5 Rc6 62. Qd8+ Rd6 63. Qa5+ Kd4 64. Qe5+ 1-0

[Event "World Senior 50+ 2014"]
[Site "Katerini GRE"]
[Date "2014.11.03"]
[Round "10.20"]
[White "Limono, Handjojo"]
[Black "Caribe Santos, Luiz Carlos"]
[Result "1-0"]
[WhiteElo "1801"]
[BlackElo "1590"]
[WhiteFideId "7102909"]
[BlackFideId "2171708"]
[EventDate "2014.10.24"]

1. c4 e5 2. g3 Nf6 3. Bg2 Nc6 4. Nc3 b6 5. Nf3 Rb8 6. O-O Bb7 7. d3 Be7 8. e4
O-O 9. a3 a5 10. h3 d6 11. Be3 Nd7 12. g4 g6 13. Bh6 Re8 14. Nd5 Bf8 15. Qd2 Bg7
16. Bg5 f6 17. Be3 Rf8 18. Kh1 Ne7 19. Rg1 c6 20. Nxe7+ Qxe7 21. b4 axb4 22.
axb4 Ra8 23. Nh2 c5 24. b5 g5 25. Qc3 Rfb8 26. Rgb1 Qe8 27. Bf3 Rxa1 28. Rxa1
Ra8 29. Kg2 Rxa1 30. Qxa1 Qa8 31. Qxa8+ Bxa8 32. Nf1 Nf8 33. Kg3 Ng6 34. Nd2 Bf8
35. Be2 Kf7 36. Nf3 Bb7 37. h4 gxh4+ 38. Nxh4 Nxh4 39. Kxh4 Kg6 40. g5 Be7 41.
Bh5+ Kg7 42. Bg4 Kg6 43. Bf5+ Kg7 44. Kh5 fxg5 45. Bxg5 Bxg5 46. Kxg5 Ba8 47. f3
Bb7 48. Bd7 Kf7 49. Kh6 Kf6 50. Bf5 Ke7 51. Kxh7 Kf7 52. Kh6 Kf6 53. Kh5 Ba8 54.
Bc8 Kf7 55. Kg5 Ke7 56. f4 exf4 57. Kxf4 Kd8 58. Be6 Bb7 59. Kg5 Ke7 60. Bf5 Kf7
61. Bg4 Kg7 62. Be6 Kf8 63. Kf6 Ke8 64. Bf5 Kf8 65. Bd7 1-0

[Event "World Senior 50+ 2014"]
[Site "Katerini GRE"]
[Date "2014.11.03"]
[Round "10.21"]
[White "Madeira, Wagner Martins"]
[Black "Pashkov, Vladimir M."]
[Result "1-0"]
[WhiteTitle "FM"]
[WhiteElo "2207"]
[BlackElo "1818"]
[WhiteFideId "2100797"]
[BlackFideId "24194778"]
[EventDate "2014.10.24"]

1. e4 c5 2. c3 d5 3. exd5 Qxd5 4. d4 Nc6 5. Nf3 Bg4 6. Be2 e6 7. Be3 cxd4 8.
cxd4 Bb4+ 9. Nc3 Nf6 10. O-O Qd7 11. h3 Bh5 12. g4 Bg6 13. Ne5 Nxe5 14. dxe5
Bxc3 15. bxc3 Nd5 16. Bf3 Nxe3 17. fxe3 Rd8 18. Qd4 Qxd4 19. cxd4 Rd7 20. Rac1
Ke7 21. Rc3 f6 22. exf6+ gxf6 23. Rfc1 e5 24. dxe5 fxe5 25. Rc5 Ke6 26. Bd1 Be4
27. Bb3+ Kd6 28. Ra5 b6 29. Rd1+ Kc7 30. Rxa7+ Bb7 31. Rxb7+ Kxb7 32. Rxd7+ Kc6 1-0

[Event "World Senior 50+ 2014"]
[Site "Katerini GRE"]
[Date "2014.11.03"]
[Round "10.22"]
[White "Auvinen, Esa"]
[Black "Bobke, Laurenz"]
[Result "1-0"]
[WhiteElo "1972"]
[BlackElo "1715"]
[WhiteFideId "501069"]
[BlackFideId "1270575"]
[EventDate "2014.10.24"]

1. e4 e6 2. d4 d5 3. Nc3 Nf6 4. Bg5 dxe4 5. Nxe4 Be7 6. Nxf6+ Bxf6 7. Bxf6 Qxf6
8. Nf3 O-O 9. Bd3 Nc6 10. c3 Re8 11. O-O Ne7 12. Ne5 Ng6 13. Nxg6 hxg6 14. Re1
e5 15. Re3 Bf5 16. Bxf5 Qxf5 17. Qe2 f6 18. Re1 Rac8 19. dxe5 Rxe5 20. Rxe5 fxe5
21. Qxe5 Qf7 22. b3 c6 23. g3 Rf8 24. Qe6 Qxe6 25. Rxe6 Kf7 26. Rd6 Ke7 27. Rxg6
Kf7 28. Rd6 Ke7 29. Rd3 Rf5 30. f4 Ke6 31. Re3+ Kd6 32. Rd3+ Ke6 33. Kg2 Ra5 34.
a4 b5 35. axb5 cxb5 36. g4 Ra2+ 37. Kf3 a5 38. h4 a4 39. bxa4 bxa4 40. f5+ Ke5
41. Re3+ Kf6 42. Re6+ Kf7 43. Ra6 a3 44. Kf4 Ra1 45. Kg5 a2 46. Ra7+ Kg8 47. Kg6
Kf8 48. g5 Ke8 49. Kxg7 Kd8 50. f6 1-0

[Event "World Senior 50+ 2014"]
[Site "Katerini GRE"]
[Date "2014.11.03"]
[Round "10.23"]
[White "Ferreira, Alexander"]
[Black "Wilson, F Leon"]
[Result "1-0"]
[WhiteElo "1657"]
[BlackElo "1572"]
[WhiteFideId "2102935"]
[BlackFideId "2048302"]
[EventDate "2014.10.24"]

1. e4 c5 2. Nf3 a6 3. d4 cxd4 4. Nxd4 Nf6 5. Nc3 e5 6. Nb3 Bb4 7. Qd3 Nc6 8. Bd2
O-O 9. a3 Be7 10. Nc1 Qb6 11. Be3 Qxb2 12. Ra2 Nb4 13. Rxb2 Nxd3+ 14. cxd3 Bxa3
15. Rb3 Be7 16. Be2 b5 17. O-O Bb7 18. Bf3 h6 19. N1a2 Rac8 20. Rc1 Ba3 21. Rxa3
d6 22. Nb4 Ra8 23. Rca1 Rfc8 24. Nxa6 Rxa6 25. Nxb5 Rac6 26. Na7 Ra8 27. Nxc6
Rxa3 28. Rxa3 Bxc6 29. Ra6 Bb5 30. Rxd6 Ba4 31. Bxh6 Ne8 32. Ra6 Bb5 33. Rb6
Bxd3 34. Rb8 gxh6 35. Rxe8+ Kg7 36. Rxe5 Kf6 37. Rf5+ Ke6 38. g4 Ke7 39. Bg2 Kf8
40. f3 Bb1 41. Bf1 Kg7 42. h4 Ba2 43. g5 h5 44. Rf6 Kh7 45. Bd3 Kg7 46. f4 Kf8
47. f5 Kg7 48. e5 Bd5 49. e6 fxe6 50. fxe6 Bc6 51. Bg6 Bd5 52. e7 Bg8 53. e8=Q
Kh8 54. Qe7 Bf7 55. Rxf7 Kg8 56. Qf8# 1-0

[Event "World Senior 50+ 2014"]
[Site "Katerini GRE"]
[Date "2014.11.04"]
[Round "11.1"]
[White "Sturua, Zurab"]
[Black "Bischoff, Klaus"]
[Result "1/2-1/2"]
[WhiteTitle "GM"]
[BlackTitle "GM"]
[WhiteElo "2523"]
[BlackElo "2504"]
[WhiteFideId "13600095"]
[BlackFideId "4600045"]
[EventDate "2014.10.24"]

1. d4 e6 2. c4 Bb4+ 3. Nc3 b6 4. e3 Bxc3+ 5. bxc3 Bb7 6. Qg4 g6 7. Bd3 f5 8. Qh3
Nf6 9. f3 Qe7 10. Ne2 Nc6 11. e4 O-O-O 12. c5 Na5 13. e5 Nd5 14. Qg3 h6 15. Qf2
g5 16. Rb1 Nc6 17. Bb5 Qg7 1/2-1/2

[Event "World Senior 50+ 2014"]
[Site "Katerini GRE"]
[Date "2014.11.04"]
[Round "11.2"]
[White "Arkell, Keith C"]
[Black "Barle, Janez"]
[Result "1/2-1/2"]
[WhiteTitle "GM"]
[BlackTitle "IM"]
[WhiteElo "2450"]
[BlackElo "2338"]
[WhiteFideId "400270"]
[BlackFideId "14600021"]
[EventDate "2014.10.24"]

1. d4 d5 2. Nf3 Nc6 3. g3 Bf5 4. Bg2 e6 5. O-O Nf6 6. c4 dxc4 7. Qa4 Nd7 8. Qxc4
Nb6 9. Qb3 Be7 10. Nc3 O-O 11. Qd1 Qd7 12. e3 Rad8 13. Qe2 e5 14. Rd1 exd4 15.
Nxd4 Nxd4 16. Rxd4 Qc8 17. Rxd8 Rxd8 18. b3 Bf6 19. Bb2 c6 20. Ne4 Bxb2 21. Qxb2
Bh3 22. Bxh3 Qxh3 23. Qc2 Qf5 24. Rc1 Nd5 25. Nc5 Qc8 26. a3 1/2-1/2

[Event "World Senior 50+ 2014"]
[Site "Katerini GRE"]
[Date "2014.11.04"]
[Round "11.3"]
[White "Yasin, Hur"]
[Black "Nunn, John D M"]
[Result "0-1"]
[BlackTitle "GM"]
[WhiteElo "2138"]
[BlackElo "2602"]
[WhiteFideId "6300170"]
[BlackFideId "400017"]
[EventDate "2014.10.24"]

1. e4 c5 2. Nf3 d6 3. d4 Nf6 4. Nc3 cxd4 5. Nxd4 a6 6. h3 e5 7. Nde2 Be6 8. g4
Be7 9. Bg2 O-O 10. a4 Nbd7 11. Be3 Rc8 12. Nd5 Bxd5 13. exd5 Re8 14. O-O Nf8 15.
a5 Ng6 16. Bb6 Qd7 17. Ra3 Bd8 18. Be3 h5 19. f3 Qb5 20. Nc3 Rxc3 21. Rxc3 Nxd5
22. Rb3 Nxe3 23. Rxb5 Nxd1 24. Rb3 Nxb2 25. Rxb2 Bxa5 26. Rxb7 Rc8 27. Rb2 Bc3
28. Ra2 Nf4 29. Kh2 a5 30. Rd1 d5 31. Bf1 h4 32. Rb1 e4 33. Ba6 Rc7 34. fxe4
dxe4 35. Rb8+ Kh7 36. Re8 Rd7 37. Rxe4 Rd2+ 38. Kh1 Nxh3 39. Re2 Rd1+ 40. Kh2
Nf4 41. Re4 g5 42. Ra3 Be1 43. Bf1 Bf2 44. Rf3 Rxf1 45. Rexf4 gxf4 46. Kg2 Rd1
47. Rxf2 Rd4 48. Kh3 a4 49. Kxh4 a3 50. c3 Ra4 51. Ra2 Kg6 52. c4 Kf6 53. Kh3
Ke5 54. g5 Kd4 55. Kg4 Kxc4 56. Ra1 Kb3 0-1